Kỹ năng và quản trị bán hàng
保存先:
| 第一著者: | |
|---|---|
| フォーマット: | 図書 |
| 言語: | English |
| 出版事項: |
Hà Nội
Thống kê
2005
|
| 主題: | |
| タグ: |
タグ追加
タグなし, このレコードへの初めてのタグを付けませんか!
|
| Thư viện lưu trữ: | Trung tâm Học liệu Lê Vũ Hùng, Trường Đại học Đồng Tháp |
|---|
| LEADER | 00654pam a22002178a 4500 | ||
|---|---|---|---|
| 001 | 00041937 | ||
| 008 | 170505s1996 ||||||engsd | ||
| 005 | 20180810110833.0 | ||
| 041 | 0 | # | |a Vie |
| 082 | 0 | 4 | |a 658.8 |b K600N |
| 100 | 1 | # | |a Lê, Đăng Lăng |
| 245 | 1 | 0 | |a Kỹ năng và quản trị bán hàng |c Lê Đăng Lăng |
| 260 | # | # | |a Hà Nội |b Thống kê |c 2005 |
| 300 | # | # | |a 246 tr |c 24 cm. |
| 653 | # | # | |a Quản trị |
| 653 | # | # | |a bán hàng |
| 653 | # | # | |a kinh doanh |
| 653 | # | # | |a phương pháp |
| 852 | # | # | |j KD.0024548 |
| 910 | |d 09/08/2018 | ||
| 980 | # | # | |a Trung tâm Học liệu Lê Vũ Hùng, Trường Đại học Đồng Tháp |